<?xml version="1.0" encoding="UTF-8"?><?xml-stylesheet type="text/xsl" href="static/style.xsl"?><OAI-PMH xmlns="http://www.openarchives.org/OAI/2.0/" xmlns:xsi="http://www.w3.org/2001/XMLSchema-instance" xsi:schemaLocation="http://www.openarchives.org/OAI/2.0/ http://www.openarchives.org/OAI/2.0/OAI-PMH.xsd"><responseDate>2026-06-05T19:25:07Z</responseDate><request verb="GetRecord" identifier="oai:riubu.ubu.es:10259/6645" metadataPrefix="marc">https://riubu.ubu.es/oai/request</request><GetRecord><record><header><identifier>oai:riubu.ubu.es:10259/6645</identifier><datestamp>2023-03-01T08:23:54Z</datestamp><setSpec>com_10259_5377</setSpec><setSpec>com_10259_5086</setSpec><setSpec>com_10259_2604</setSpec><setSpec>com_10259_4219</setSpec><setSpec>col_10259_5378</setSpec><setSpec>col_10259_4220</setSpec></header><metadata><record xmlns="http://www.loc.gov/MARC21/slim" xmlns:doc="http://www.lyncode.com/xoai" xmlns:xsi="http://www.w3.org/2001/XMLSchema-instance" xmlns:dcterms="http://purl.org/dc/terms/" xsi:schemaLocation="http://www.loc.gov/MARC21/slim http://www.loc.gov/standards/marcxml/schema/MARC21slim.xsd">
<leader>00925njm 22002777a 4500</leader>
<datafield tag="042" ind1=" " ind2=" ">
<subfield code="a">dc</subfield>
</datafield>
<datafield tag="720" ind1=" " ind2=" ">
<subfield code="a">Rodríguez Diez, Juan José</subfield>
<subfield code="e">author</subfield>
</datafield>
<datafield tag="720" ind1=" " ind2=" ">
<subfield code="a">Juez Gil, Mario</subfield>
<subfield code="e">author</subfield>
</datafield>
<datafield tag="720" ind1=" " ind2=" ">
<subfield code="a">López Nozal, Carlos</subfield>
<subfield code="e">author</subfield>
</datafield>
<datafield tag="720" ind1=" " ind2=" ">
<subfield code="a">Arnaiz González, Álvar</subfield>
<subfield code="e">author</subfield>
</datafield>
<datafield tag="260" ind1=" " ind2=" ">
<subfield code="c">2022-02</subfield>
</datafield>
<datafield tag="520" ind1=" " ind2=" ">
<subfield code="a">The prediction of multiple numeric outputs at the same time is called multi-target regression (MTR), and it has gained&#xd;
attention during the last decades. This task is a challenging research topic in supervised learning because it poses additional&#xd;
difficulties to traditional single-target regression (STR), and many real-world problems involve the prediction of multiple&#xd;
targets at once. One of the most successful approaches to deal with MTR, although not the only one, consists in transforming&#xd;
the problem in several STR problems, whose outputs will be combined building up the MTR output. In this paper, the&#xd;
Rotation Forest ensemble method, previously proposed for single-label classification and single-target regression, is adapted&#xd;
to MTR tasks and tested with several regressors and data sets. Our proposal rotates the input space in an efficient and novel&#xd;
fashion, avoiding extra rotations forced by MTR problem decomposition. Four approaches for MTR are used: single-target&#xd;
(ST), stacked-single target (SST), Ensembles of Regressor Chains (ERC), and Multi-target Regression via Quantization&#xd;
(MRQ). For assessing the benefits of the proposal, a thorough experimentation with 28 MTR data sets and statistical tests&#xd;
are used, concluding that Rotation Forest, adapted by means of these approaches, outperforms other popular ensembles,&#xd;
such as Bagging and Random Forest.</subfield>
</datafield>
<datafield tag="024" ind2=" " ind1="8">
<subfield code="a">1868-8071</subfield>
</datafield>
<datafield tag="024" ind2=" " ind1="8">
<subfield code="a">http://hdl.handle.net/10259/6645</subfield>
</datafield>
<datafield tag="024" ind2=" " ind1="8">
<subfield code="a">10.1007/s13042-021-01329-1</subfield>
</datafield>
<datafield tag="024" ind2=" " ind1="8">
<subfield code="a">1868-808X</subfield>
</datafield>
<datafield ind1=" " ind2=" " tag="653">
<subfield code="a">Multi-target regression</subfield>
</datafield>
<datafield ind1=" " ind2=" " tag="653">
<subfield code="a">Ensemble</subfield>
</datafield>
<datafield ind1=" " ind2=" " tag="653">
<subfield code="a">Rotation Forest</subfield>
</datafield>
<datafield tag="245" ind1="0" ind2="0">
<subfield code="a">Rotation Forest for multi-target regression</subfield>
</datafield>
</record></metadata></record></GetRecord></OAI-PMH>